Turkish journal of medical sciences.

Bibliographic Details
Previous Title:Doğa. Turkish journal of medical sciences
Corporate Author: Türkiye Bilimsel ve Teknik Araştırma Kurumu
Format: Journal
Language:English
Published: Ankara : Scientific and Technical Research Council of Turkey, [1994-]
Subjects:
Online Availability: Check for online availability

MARC

Tag First Indicator Second Indicator Subfields
LEADER 00000cas a2200000 a 4500
001 in00001237183
005 20151003062336.0
008 940728c19949999tu mr p 0 0eng d
010 |a sn 95038286  
022 |a 1300-0144 
035 |a (OCoLC)30839318 
035 |9 AGS7472AM 
040 |a IWA  |c IWA  |d UIU  |d OCL  |d NLM  |d UtOrBLW 
042 |a lcd 
049 |a TXAE 
060 0 0 |a W1  |b TU569EM 
069 0 |a 9441758 
090 |a R31  |b .T871 
092 0 |a 610.5  |b DOG1  |2 20 
245 0 0 |a Turkish journal of medical sciences. 
264 1 |a Ankara :  |b Scientific and Technical Research Council of Turkey,  |c [1994-] 
300 |a volumes :  |b illustrations ;  |c 28 cm. 
310 |a Monthly 
336 |a text  |b txt  |2 rdacontent 
337 |a unmediated  |b n  |2 rdamedia 
338 |a volume  |b nc  |2 rdacarrier 
362 0 |a Vol. 20, no. 1 (Jan. 1994)- 
500 |a Title from cover. 
650 0 |a Medicine  |v Periodicals. 
650 2 |a Medicine  |x periodicals. 
710 2 |a Türkiye Bilimsel ve Teknik Araştırma Kurumu. 
780 0 0 |t Doğa. Turkish journal of medical sciences  |w (DLC)sn 95038287  |w (OCoLC)30839324 
999 |a MARS 
999 f f |s 05387b1d-78db-3577-a676-026c552c1bd1  |i a02ec173-602a-3265-91bf-459a138ac40f  |t 0 
952 f f |p ric  |a Texas A&M University  |b Rellis Campus  |c Joint Library Facility  |d Remote Storage  |t 0  |e R31 .T871  |h Library of Congress classification  |i unmediated -- volume  |k v.38:no.1-3  |l 2008:Feb.-June  |m A14837307626 
952 f f |p ric  |a Texas A&M University  |b Rellis Campus  |c Joint Library Facility  |d Remote Storage  |t 0  |e R31 .T871  |h Library of Congress classification  |i unmediated -- volume  |k v.25  |l 1995:Sept.-Nov.  |m A14837899958 
952 f f |p ric  |a Texas A&M University  |b Rellis Campus  |c Joint Library Facility  |d Remote Storage  |t 0  |e R31 .T871  |h Library of Congress classification  |i unmediated -- volume  |k v.37:no.4-6  |l 2007:Aug.-Dec.  |m A14837140870 
952 f f |p ric  |a Texas A&M University  |b Rellis Campus  |c Joint Library Facility  |d Remote Storage  |t 0  |e R31 .T871  |h Library of Congress classification  |i unmediated -- volume  |k v.37:no.1-3  |l 2007:Feb.-June  |m A14837140838 
952 f f |p ric  |a Texas A&M University  |b Rellis Campus  |c Joint Library Facility  |d Remote Storage  |t 0  |e R31 .T871  |h Library of Congress classification  |i unmediated -- volume  |k v.29:no.1-3  |l 1999  |m A14837900157 
952 f f |p ric  |a Texas A&M University  |b Rellis Campus  |c Joint Library Facility  |d Remote Storage  |t 0  |e R31 .T871  |h Library of Congress classification  |i unmediated -- volume  |k v.39:no.3-4  |l 2009:June-Aug.  |m A14838977050 
952 f f |p ric  |a Texas A&M University  |b Rellis Campus  |c Joint Library Facility  |d Remote Storage  |t 0  |e R31 .T871  |h Library of Congress classification  |i unmediated -- volume  |k Suppl.  |l 1995  |m A14837899877 
952 f f |p ric  |a Texas A&M University  |b Rellis Campus  |c Joint Library Facility  |d Remote Storage  |t 0  |e R31 .T871  |h Library of Congress classification  |i unmediated -- volume  |k v.23  |l 1995:Jan.-Apr.  |m A14837899835 
952 f f |p ric  |a Texas A&M University  |b Rellis Campus  |c Joint Library Facility  |d Remote Storage  |t 0  |e R31 .T871  |h Library of Congress classification  |i unmediated -- volume  |k v.30:no.1-2  |l 2000  |m A14828585754 
952 f f |p ric  |a Texas A&M University  |b Rellis Campus  |c Joint Library Facility  |d Remote Storage  |t 0  |e R31 .T871  |h Library of Congress classification  |i unmediated -- volume  |k v.23  |l 1994:Sept.-Dec.  |m A14837899796 
952 f f |p ric  |a Texas A&M University  |b Rellis Campus  |c Joint Library Facility  |d Remote Storage  |t 0  |e R31 .T871  |h Library of Congress classification  |i unmediated -- volume  |k v.31:no.1-3  |l 2001  |m A14830352913 
952 f f |p ric  |a Texas A&M University  |b Rellis Campus  |c Joint Library Facility  |d Remote Storage  |t 0  |e R31 .T871  |h Library of Congress classification  |i unmediated -- volume  |k v.21  |l 1994:May-Aug.  |m A14837899754 
952 f f |p ric  |a Texas A&M University  |b Rellis Campus  |c Joint Library Facility  |d Remote Storage  |t 0  |e R31 .T871  |h Library of Congress classification  |i unmediated -- volume  |k v.33:no.1-3  |l 2003  |m A14832206574 
952 f f |p ric  |a Texas A&M University  |b Rellis Campus  |c Joint Library Facility  |d Remote Storage  |t 0  |e R31 .T871  |h Library of Congress classification  |i unmediated -- volume  |k v.30:no.4-5  |l 2000  |m A14828585796 
952 f f |p ric  |a Texas A&M University  |b Rellis Campus  |c Joint Library Facility  |d Remote Storage  |t 0  |e R31 .T871  |h Library of Congress classification  |i unmediated -- volume  |k v.38:no.4-6  |l 2008:Aug.-Dec.  |m A14838819870 
952 f f |p ric  |a Texas A&M University  |b Rellis Campus  |c Joint Library Facility  |d Remote Storage  |t 0  |e R31 .T871  |h Library of Congress classification  |i unmediated -- volume  |k v.20  |l 1994:Jan.-Apr.  |m A14837899712 
952 f f |p ric  |a Texas A&M University  |b Rellis Campus  |c Joint Library Facility  |d Remote Storage  |t 0  |e R31 .T871  |h Library of Congress classification  |i unmediated -- volume  |k v39:no.5-6  |l 2009:Oct.-Dec.  |m A14839514130 
952 f f |p ric  |a Texas A&M University  |b Rellis Campus  |c Joint Library Facility  |d Remote Storage  |t 0  |e R31 .T871  |h Library of Congress classification  |i unmediated -- volume  |k v.26  |l 1996  |m A14837899990 
952 f f |p ric  |a Texas A&M University  |b Rellis Campus  |c Joint Library Facility  |d Remote Storage  |t 0  |e R31 .T871  |h Library of Congress classification  |i unmediated -- volume  |k v.35  |l 2005  |m A14837900238 
952 f f |p ric  |a Texas A&M University  |b Rellis Campus  |c Joint Library Facility  |d Remote Storage  |t 0  |e R31 .T871  |h Library of Congress classification  |i unmediated -- volume  |k v.24  |l 1995:May-Aug.  |m A14837899916 
952 f f |p ric  |a Texas A&M University  |b Rellis Campus  |c Joint Library Facility  |d Remote Storage  |t 0  |e R31 .T871  |h Library of Congress classification  |i unmediated -- volume  |k v.32:no.1-3  |l 2002  |m A14830353464 
952 f f |p ric  |a Texas A&M University  |b Rellis Campus  |c Joint Library Facility  |d Remote Storage  |t 0  |e R31 .T871  |h Library of Congress classification  |i unmediated -- volume  |k v.32:no.4-6  |l 2002  |m A14830353422 
952 f f |p ric  |a Texas A&M University  |b Rellis Campus  |c Joint Library Facility  |d Remote Storage  |t 0  |e R31 .T871  |h Library of Congress classification  |i unmediated -- volume  |k v.36  |l 2006  |m A14835883058 
952 f f |p ric  |a Texas A&M University  |b Rellis Campus  |c Joint Library Facility  |d Remote Storage  |t 0  |e R31 .T871  |h Library of Congress classification  |i unmediated -- volume  |k v.39:no.1-2  |l 2009:Feb.-Apr.  |m A14838927217 
952 f f |p ric  |a Texas A&M University  |b Rellis Campus  |c Joint Library Facility  |d Remote Storage  |t 0  |e R31 .T871  |h Library of Congress classification  |i unmediated -- volume  |k v.28:no.4-6  |l 1998:Aug.-Dec.  |m A14837900115 
952 f f |p ric  |a Texas A&M University  |b Rellis Campus  |c Joint Library Facility  |d Remote Storage  |t 0  |e R31 .T871  |h Library of Congress classification  |i unmediated -- volume  |k v.34  |l 2004  |m A14831482583 
952 f f |p ric  |a Texas A&M University  |b Rellis Campus  |c Joint Library Facility  |d Remote Storage  |t 0  |e R31 .T871  |h Library of Congress classification  |i unmediated -- volume  |k v.29:no.4-6  |l 1999  |m A14837900199 
952 f f |p ric  |a Texas A&M University  |b Rellis Campus  |c Joint Library Facility  |d Remote Storage  |t 0  |e R31 .T871  |h Library of Congress classification  |i unmediated -- volume  |k v.27  |l 1997  |m A14837900034 
952 f f |p ric  |a Texas A&M University  |b Rellis Campus  |c Joint Library Facility  |d Remote Storage  |t 0  |e R31 .T871  |h Library of Congress classification  |i unmediated -- volume  |k v.28:no.1-3  |l 1998:Feb.-June  |m A14837900076 
952 f f |p ric  |a Texas A&M University  |b Rellis Campus  |c Joint Library Facility  |d Remote Storage  |t 0  |e R31 .T871  |h Library of Congress classification  |i unmediated -- volume  |k v.31:no.5-6  |l 2001  |m A14830353503 
952 f f |p ric  |a Texas A&M University  |b Rellis Campus  |c Joint Library Facility  |d Remote Storage  |t 0  |e R31 .T871  |h Library of Congress classification  |i unmediated -- volume  |k v.33:no.4-6  |l 2003  |m A14832206613 
998 f f |a R31 .T871  |s v.32-39 (2002-2009)  |t 0  |l Remote Storage